| 000 | 00991cam a22002895a 4500 | ||
|---|---|---|---|
| 999 |
_c27346 _d27317 |
||
| 005 | 20240818093042.0 | ||
| 008 | 170201t2018 maua fr 001 0 eng d | ||
| 020 | _a9789353060411 | ||
| 040 |
_aStDuBDS _beng _cStDuBDS _dEG-ScBUE _dEG-ScBUE |
||
| 082 | 0 | 4 |
_a515 _bTHO _222 |
| 100 | 1 |
_aThomas, George B. _e(George Brinton), _d1914-2006. |
|
| 245 | 1 | 0 |
_aThomas' calculus / _cGeorge B. Thomas ; as revised by Joel Hass, Christopher Heil and Maurice D. Weir. |
| 250 | _a14th ed. | ||
| 260 |
_aBoston : _bPearson Education, _cc.2018. |
||
| 300 |
_a1 v. (various pagings) : _bill. (some col.) ; _c28 cm. |
||
| 500 | _aIncludes index. | ||
| 650 | 7 |
_aCalculus. _2BUEsh |
|
| 651 | _2BUEsh | ||
| 653 |
_bENGGEN _cApril2019 |
||
| 700 | 1 |
_aHass, Joel, _eeditor. |
|
| 700 | 1 |
_aHeil, Christopher, _d1960- _eeditor. |
|
| 700 | 1 |
_aWeir, Maurice D. _eeditor. |
|
| 942 |
_2ddc _hRDA-MOD |
||
| 336 |
_2rdacontent _atext _btxt |
||
| 337 |
_aunmediated _2rdamedia _bn |
||
| 338 |
_avolume _bnc _2rdacarrier |
||